Mega Quiz Fire Emblem - Statistics

General Stats
  • This quiz has been taken 117 times
    11 since last reset
  • The average score is 384 of 851
Answer Stats
From Character % Correct
Fire Emblem: Shadow Dragon and the Blade of Light Abel
100%
Fire Emblem: The Champion's Sword Al
100%
Fire Emblem: Shadow Dragon and the Blade of Light Anna
100%
Fire Emblem: Shadow Dragon and the Blade of Light Caeda
100%
Fire Emblem: Shadow Dragon and the Blade of Light Camus
100%
Fire Emblem: Shadow Dragon and the Blade of Light Cord
100%
Fire Emblem: Shadow Dragon and the Blade of Light Darros
100%
Fire Emblem: Shadow Dragon and the Blade of Light Draug
100%
Fire Emblem Awakening Henry
100%
Fire Emblem: Shadow Dragon and the Blade of Light Jagen
100%
Fire Emblem: Genealogy of the Holy War Julia
100%
Fire Emblem: Shadow Dragon and the Blade of Light Julian
100%
Fire Emblem: Shadow Dragon and the Blade of Light Lena
100%
Fire Emblem: Shadow Dragon and the Blade of Light Marth
100%
Fire Emblem: Shadow Dragon and the Blade of Light Merric
100%
Fire Emblem: Shadow Dragon and the Blade of Light Tiki
100%
Fire Emblem Heroes Alfonse
83%
Fire Emblem: Shadow Dragon and the Blade of Light Barst
83%
Fire Emblem Echoes: Shadows of Valentia Berkut
83%
Fire Emblem: Shadow Dragon and the Blade of Light Bord
83%
Fire Emblem: Shadow Dragon and the Blade of Light | Fire Emblem: Thracia 776 Cain
83%
Fire Emblem: Shadow Dragon and the Blade of Light Catria
83%
Fire Emblem: Shadow Dragon and the Blade of Light Elice
83%
Fire Emblem: Shadow Dragon and the Blade of Light Est
83%
Fire Emblem Echoes: Shadows of Valentia Fernand
83%
Fire Emblem: Shadow Dragon Frey
83%
Fire Emblem: Shadow Dragon and the Blade of Light Gharnef
83%
Fire Emblem: Shadow Dragon and the Blade of Light Gordin
83%
Fire Emblem Gaiden Gray
83%
Fire Emblem: Path of Radiance Haar
83%
Fire Emblem: Shadow Dragon and the Blade of Light Hardin
83%
Fire Emblem Heroes Hel
83%
Fire Emblem: Shadow Dragon and the Blade of Light Jake
83%
Fire Emblem Gaiden Kliff
83%
Fire Emblem Awakening Laurent
83%
Fire Emblem: Shadow Dragon and the Blade of Light | Fire Emblem: Three Houses Lorenz
83%
Fire Emblem Awakening Lucina
83%
Fire Emblem: Mystery of the Emblem Luke
83%
Fire Emblem: Shadow Dragon and the Blade of Light Maria
83%
Fire Emblem: Shadow Dragon and the Blade of Light Michalis
83%
Fire Emblem: Shadow Dragon and the Blade of Light Midia
83%
Fire Emblem: Shadow Dragon and the Blade of Light Minerva
83%
Fire Emblem: Shadow Dragon and the Blade of Light Navarre
83%
Fire Emblem: Shadow Dragon and the Blade of Light Ogma
83%
Fire Emblem Awakening Olivia
83%
Fire Emblem: Shadow Dragon and the Blade of Light Palla
83%
Fire Emblem Heroes Peony
83%
Fire Emblem: Mystery of the Emblem Roderick
83%
Fire Emblem: Shadow Dragon and the Blade of Light Roshea
83%
Fire Emblem Awakening Say'ri
83%
Fire Emblem: Shadow Dragon and the Blade of Light Sedgar
83%
Fire Emblem: The Sacred Stones Selena
83%
Fire Emblem Awakening Severa
83%
Fire Emblem Gaiden Tatiana
83%
Tokyo Mirage Sessions # FE Encore Touma Akagi
83%
Fire Emblem Heroes Veronica
83%
Fire Emblem: Shadow Dragon and the Blade of Light Vyland
83%
Fire Emblem Awakening Walhart
83%
Fire Emblem: Shadow Dragon and the Blade of Light Wolf
83%
Fire Emblem: Shadow Dragon and the Blade of Light Wrys
83%
Fire Emblem: Shadow Dragon and the Blade of Light Xane
83%
Fire Emblem Awakening Yarne
83%
Fire Emblem Awakening Yen'fay
83%
Fire Emblem Gaiden Alm
67%
Fire Emblem: Mystery of the Emblem Arlen
67%
Fire Emblem Fates | Fire Emblem: Genealogy of the Holy War Arthur
67%
Fire Emblem: The Sacred Stones Artur
67%
Fire Emblem: Genealogy of the Holy War Arvis
67%
Fire Emblem Heroes Ash
67%
Fire Emblem: Three Houses Ashe
67%
Fire Emblem: Path of Radiance Ashera
67%
Fire Emblem: Shadow Dragon and the Blade of Light Astram
67%
Fire Emblem Awakening Aversa
67%
Fire Emblem: Genealogy of the Holy War Ayra
67%
Fire Emblem Fates Azama
67%
Fire Emblem Fates Azura
67%
Fire Emblem Awakening Basilio
67%
Fire Emblem Awakening Brady
67%
Fire Emblem Heroes Bruno
67%
Fire Emblem: Three Houses Byleth
67%
Fire Emblem Fates Camilla
67%
Fire Emblem Gaiden Celica
67%
Fire Emblem Awakening Cherche
67%
Fire Emblem Awakening Chrom
67%
Fire Emblem Gaiden Clive
67%
Fire Emblem Echoes: Shadows of Valentia Conrad
67%
Fire Emblem Awakening Cordelia
67%
Fire Emblem Awakening Cynthia
67%
Fire Emblem Heroes Dagr
67%
Fire Emblem: Three Houses Dimitri
67%
Fire Emblem: Three Houses Edelgard
67%
Fire Emblem Heroes Eikþyrnir
67%
Fire Emblem Heroes Eir
67%
Fire Emblem Heroes Eitr
67%
Fire Emblem Heroes Eitri
67%
Fire Emblem Fates Elise
67%
Fire Emblem: The Binding Blade Eliwood
67%
Fire Emblem Awakening Emmeryn
67%
Fire Emblem: Path of Radiance Ena
67%
Fire Emblem Heroes Fáfnir
67%
Fire Emblem: Three Houses Felix
67%
Fire Emblem Heroes Fjorm
67%
Fire Emblem Awakening Flavia
67%
Fire Emblem: Three Houses Flayn
67%
Fire Emblem: The Blazing Blade Florina
67%
Fire Emblem Gaiden Forsyth
67%
Fire Emblem: Thracia 776 Fred
67%
Fire Emblem Awakening Frederick
67%
Fire Emblem Heroes Freyja
67%
Fire Emblem Awakening Gaius
67%
Fire Emblem Heroes Ganglöt
67%
Fire Emblem Awakening Gangrel
67%
Fire Emblem: Shadow Dragon and the Blade of Light Gotoh
67%
Fire Emblem: Path of Radiance Greil
67%
Fire Emblem Heroes Gullveig
67%
Fire Emblem Heroes Gunnthrá
67%
Fire Emblem Heroes Gustav
67%
Fire Emblem Fates Hana
67%
Fire Emblem: The Binding Blade Hector
67%
Fire Emblem Heroes Heiðr
67%
Fire Emblem Heroes Heiðrún
67%
Fire Emblem Heroes Helbindi
67%
Fire Emblem Heroes Henriette
67%
Fire Emblem: Genealogy of the Holy Way | Fire Emblem: Three Houses Hilda
67%
Fire Emblem Fates Hinoka
67%
Fire Emblem Heroes Hræsvelgr
67%
Fire Emblem Heroes Hríd
67%
Fire Emblem: Three Houses Hubert
67%
Fire Emblem: The Binding Blade Hugh
67%
Fire Emblem: Path of Radiance Ike
67%
Fire Emblem: Three Houses Ingrid
67%
Fire Emblem Awakening Inigo
67%
Fire Emblem: The Sacred Stones Innes
67%
Fire Emblem: Mystery of the Emblem Jubelo
67%
Fire Emblem: The Binding Blade Juno
67%
Fire Emblem Gaiden Kamui
67%
Fire Emblem Fates Kana
67%
Fire Emblem Fates Kaze
67%
Fire Emblem Awakening Kellam
67%
Fire Emblem: Thracia 776 Kempf
67%
Fire Emblem Awakening Kjelle
67%
Fire Emblem: The Binding Blade Klein
67%
Fire Emblem Heroes Kvasir
67%
Fire Emblem Heroes Laegjarn
67%
Fire Emblem Heroes Laevatein
67%
Fire Emblem: Path of Radiance Leanne
67%
Fire Emblem Fates Leo
67%
Fire Emblem Heroes Letizia
67%
Fire Emblem Heroes Líf
67%
Fire Emblem: Shadow Dragon and the Blade of Light Linde
67%
Fire Emblem Awakening Lissa
67%
Fire Emblem Heroes Loki
67%
Fire Emblem Awakening Lon'qu
67%
Fire Emblem Gaiden Lukas
67%
Fire Emblem: Archanea Saga Malice
67%
Fire Emblem Awakening Maribelle
67%
Fire Emblem Gaiden Mathilda
67%
Fire Emblem: Shadow Dragon and the Blade of Light Matthis
67%
Fire Emblem: Path of Radiance Mia
67%
Fire Emblem: Heroes Mirabilis
67%
Fire Emblem Awakening Miriel
67%
Fire Emblem Awakening Morgan
67%
Fire Emblem: Heroes Múspell
67%
Fire Emblem: Path of Radiance Naesala
67%
Fire Emblem Awakening Nah
67%
Fire Emblem: Radiant Dawn Nailah
67%
Fire Emblem: Path of Radiance Nephenee
67%
Fire Emblem Heroes Nerþuz
67%
Fire Emblem Heroes Niðavellir
67%
Fire Emblem Heroes Níðhöggr
67%
Fire Emblem: Heroes Nifl
67%
Fire Emblem Fates Nina
67%
Fire Emblem: The Blazing Blade Ninian
67%
Fire Emblem: The Blazing Blade Nino
67%
Fire Emblem Awakening Noire
67%
Fire Emblem Heroes Nótt
67%
Fire Emblem Awakening Nowi
67%
Fire Emblem Fates Oboro
67%
Fire Emblem: Path of Radiance Oscar
67%
Fire Emblem Heroes Ótr
67%
Fire Emblem Awakening Owain
67%
Fire Emblem Awakening Panne
67%
Fire Emblem Awakening Phila
67%
Fire Emblem: Mystery of the Emblem Phina
67%
Fire Emblem Heroes Plumeria
67%
Fire Emblem Awakening Priam
67%
Fire Emblem: The Blazing Blade Priscilla
67%
Fire Emblem Gaiden Python
67%
Fire Emblem Engage Rafal
67%
Fire Emblem: Radiant Dawn Rafiel
67%
Fire Emblem Heroes Ratatoskr
67%
Fire Emblem: The Blazing Blade Rath
67%
Fire Emblem Heroes Reginn
67%
Fire Emblem: Path of Radiance Renning
67%
Fire Emblem: Path of Radiance Reyson
67%
Fire Emblem Echoes: Shadows of Valentia Rinea
67%
Fire Emblem: The Binding Blade Roy
67%
Fire Emblem Heroes Rune
67%
Fire Emblem Fates Ryoma
67%
Fire Emblem Fates Sakura
67%
Fire Emblem Heroes Seiðr
67%
Fire Emblem: The Sacred Stones Seth
67%
Fire Emblem Heroes Sharena
67%
Fire Emblem: Three Houses Solon
67%
Fire Emblem Awakening Stahl
67%
Fire Emblem Awakening Sully
67%
Fire Emblem Awakening Sumia
67%
Fire Emblem Heroes Surtr
67%
Fire Emblem: Path of Radiance Tanith
67%
Fire Emblem Awakening Tharja
67%
Fire Emblem Heroes Thórr
67%
Fire Emblem: Path of Radiance Tibarn
67%
Fire Emblem Gaiden Tobin
67%
Fire Emblem Heroes Triandra
67%
Fire Emblem Gaiden Valbar
67%
Fire Emblem Awakening Virion
67%
Fire Emblem: Shadow Dragon and the Blade of Light Wendell
67%
Fire Emblem: The Blazing Blade Wil
67%
Fire Emblem Fates Xander
67%
Fire Emblem Heroes Ylgr
67%
Fire Emblem Heroes | Fire Emblem: Shadow Dragon Ymir
67%
Fire Emblem: Mystery of the Emblem Yuliya
67%
Fire Emblem: Radiant Dawn Yune
67%
Fire Emblem: Path of Radiance Zihark
67%
Fire Emblem Engage Alcryst
50%
Fire Emblem Engage Alear
50%
Fire Emblem Engage Alfred
50%
Fire Emblem: Genealogy of the Holy War Altena
50%
Fire Emblem: Radiant Dawn Altina
50%
Fire Emblem Engage Amber
50%
Fire Emblem: The Sacred Stones Amelia
50%
Fire Emblem: Genealogy of the Holy War Annand
50%
Fire Emblem: Three Houses Annette
50%
Fire Emblem: Genealogy of the Holy War Arion
50%
Fire Emblem: Shadow Dragon and the Blade of Light Arran
50%
Fire Emblem Warriors: Three Hopes Arval
50%
Fire Emblem: Thracia 776 Asbel
50%
Fire Emblem: Path of Radiance Ashnard
50%
Fire Emblem Heroes Askr
50%
Fire Emblem: Shadow Dragon Athena
50%
Fire Emblem: The Blazing Blade Athos
50%
Fire Emblem Gaiden Atlas
50%
Fire Emblem: Genealogy of the Holy War Azelle
50%
Fire Emblem: Shadow Dragon and the Blade of Light Bantu
50%
Fire Emblem: The Binding Blade Bartre
50%
Fire Emblem: Path of Radiance Bastian
50%
Fire Emblem: Shadow Dragon and the Blade of Light Beck
50%
Fire Emblem Fates Benny
50%
Fire Emblem: Three Houses Bernadetta
50%
Fire Emblem: Shadow Dragon and the Blade of Light Boah
50%
Fire Emblem Gaiden Boey
50%
Fire Emblem: The Binding Blade Bors
50%
Fire Emblem: Path of Radiance Boyd
50%
Fire Emblem: The Blazing Blade Bramimond
50%
Fire Emblem: Genealogy of the Holy War Brigid
50%
Fire Emblem: The Binding Blade Brunnya
50%
Fire Emblem: The Sacred Stones Caellach
50%
Fire Emblem: Shadow Dragon and the Blade of Light Caesar
50%
Fire Emblem: Path of Radiance Caineghis
50%
Fire Emblem: The Blazing Blade Canas
50%
Fire Emblem: Three Houses Caspar
50%
Fire Emblem: Shadow Dragon and the Blade of Light Castor
50%
Fire Emblem: The Binding Blade Cath
50%
Fire Emblem: Mystery of the Emblem Cecil
50%
Fire Emblem: The Binding Blade Cecilia
50%
Fire Emblem Engage Céline
50%
Fire Emblem Awakening Cervantes
50%
Fire Emblem: The Binding Blade Chad
50%
Fire Emblem: Genealogy of the Holy War Charlot
50%
Fire Emblem: Genealogy of the Holy War Chulainn
50%
Fire Emblem Gaiden Clair
50%
Fire Emblem: The Binding Blade Clarine
50%
Fire Emblem: New Mystery of the Emblem Clarisse
50%
Fire Emblem: Genealogy of the Holy War Claud
50%
Fire Emblem: Three Houses Claude
50%
Fire Emblem: The Sacred Stones Colm
50%
Fire Emblem: The Sacred Stones Cormag
50%
Fire Emblem Fates Corrin
50%
Fire Emblem: Genealogy of the Holy War Deirdre
50%
Fire Emblem Gaiden Delthea
50%
Fire Emblem: Path of Radiance Dheginsea
50%
Fire Emblem Engage Diamant
50%
Fire Emblem: Archanea Saga Dice
50%
Fire Emblem: The Binding Blade Dieck
50%
Fire Emblem: Genealogy of the Holy War Díthorba
50%
Fire Emblem: The Binding Blade Dorothy
50%
Fire Emblem: The Sacred Stones Dozla
50%
Fire Emblem: The Sacred Stones Duessel
50%
Fire Emblem Fates Dwyer
50%
Fire Emblem: The Sacred Stones Eirika
50%
Fire Emblem: Genealogy of the Holy War Eldigan
50%
Fire Emblem: The Binding Blade Elen
50%
Tokyo Mirage Sessions # FE Encore Eleonora Yumizuru
50%
Fire Emblem: The Binding Blade Elimine
50%
Fire Emblem Heroes Elm
50%
Fire Emblem Heroes Embla
50%
Fire Emblem: The Sacred Stones Ephraim
50%
Fire Emblem: New Mystery of the Emblem Eremiya
50%
Fire Emblem: Genealogy of the Holy War Erinys
50%
Fire Emblem: The Blazing Blade Erk
50%
Fire Emblem: The Sacred Stones Ewan
50%
Fire Emblem: The Binding Blade Fae
50%
Fire Emblem: The Blazing Blade Fargus
50%
Fire Emblem Echoes: Shadows of Valentia Faye
50%
Fire Emblem: Genealogy of the Holy War Febail
50%
Fire Emblem: Genealogy of the Holy War Fee
50%
Fire Emblem Fates Felicia
50%
Fire Emblem: Three Houses Ferdinand
50%
Fire Emblem: Genealogy of the Holy War Finn
50%
Fire Emblem: The Blazing Blade Fiora
50%
Fire Emblem: The Binding Blade Fir
50%
Fire Emblem Fates Flora
50%
Fire Emblem: The Sacred Stones Fomortiis
50%
Fire Emblem: The Sacred Stones Forde
50%
Fire Emblem Fates Forrest
50%
Fire Emblem: The Binding Blade Galle
50%
Fire Emblem: Thracia 776 Galzus
50%
Fire Emblem: The Sacred Stones Garcia
50%
Fire Emblem: Path of Radiance Gatrie
50%
Fire Emblem Gaiden Genny
50%
Fire Emblem: The Sacred Stones Gerik
50%
Fire Emblem Awakening Gerome
50%
Fire Emblem: The Sacred Stones Gilliam
50%
Fire Emblem Heroes Ginnungagap
50%
Fire Emblem: The Sacred Stones Glen
50%
Fire Emblem: The Binding Blade Gonzalez
50%
Fire Emblem Awakening Gregor
50%
Fire Emblem Awakening Grima
50%
Fire Emblem: The Binding Blade Guinivere
50%
Fire Emblem: The Binding Blade Gwendolyn
50%
Fire Emblem: The Blazing Blade Harken
50%
Fire Emblem: Genealogy of the Holy War Hawk
50%
Fire Emblem: The Blazing Blade Hawkeye
50%
Fire Emblem Fates Hayato
50%
Fire Emblem: The Blazing Blade Heath
50%
Fire Emblem: Radiant Dawn Heather
50%
Fire Emblem Gaiden Hestia
50%
Fire Emblem Fates Hinata
50%
Fire Emblem Fates Iago
50%
Fire Emblem: The Binding Blade Idunn
50%
Fire Emblem: Three Houses Ignatz
50%
Fire Emblem: Path of Radiance Ilyana
50%
Fire Emblem: The Blazing Blade Isadora
50%
Tokyo Mirage Sessions # FE Encore Itsuki Aoi
50%
Fire Emblem Engage Jade
50%
Fire Emblem: The Blazing Blade Jaffar
50%
Fire Emblem: Genealogy of the Holy War Jamke
50%
Fire Emblem Engage Jean
50%
Fire Emblem: Shadow Dragon and the Blade of Light Jeorge
50%
Fire Emblem Gaiden Jesse
50%
Fire Emblem: Path of Radiance Jill
50%
Fire Emblem: Path of Radiance Jorge
50%
Fire Emblem: The Sacred Stones Joshua
50%
Fire Emblem: Genealogy of the Holy War Julius
50%
Fire Emblem Fates Kagero
50%
Fire Emblem: The Binding Blade Karel
50%
Fire Emblem: The Blazing Blade Karla
50%
Fire Emblem: New Mystery of the Emblem Katarina
50%
Fire Emblem Fates Keaton
50%
Fire Emblem: The Blazing Blade Kent
50%
Tokyo Mirage Sessions # FE Encore Kiria Kurono
50%
Fire Emblem: The Sacred Stones Knoll
50%
Fire Emblem: New Mystery of the Emblem Kris
50%
Fire Emblem: Three Houses Kronya
50%
Fire Emblem: Path of Radiance Kurthnaga
50%
Fire Emblem: The Sacred Stones Kyle
50%
Fire Emblem: Radiant Dawn Kyza
50%
Fire Emblem: Genealogy of the Holy War Lachesis
50%
Fire Emblem Heroes Læraðr
50%
Fire Emblem: Thracia 776 Lara
50%
Fire Emblem: The Sacred Stones L'Arachel
50%
Fire Emblem: The Binding Blade Larum
50%
Fire Emblem: The Blazing Blade Legault
50%
Fire Emblem: New Mystery of the Emblem Legion
50%
Fire Emblem: Path of Radiance Lehran
50%
Fire Emblem: Genealogy of the Holy War Leif
50%
Fire Emblem: The Blazing Blade Leila
50%
Fire Emblem: Genealogy of the Holy War Lene
50%
Fire Emblem Gaiden Leon
50%
Fire Emblem: Radiant Dawn Leonardo
50%
Fire Emblem: Path of Radiance Lethe
50%
Fire Emblem: Thracia 776 Lifis
50%
Fire Emblem: The Binding Blade Lilina
50%
Fire Emblem Fates Lilith
50%
Fire Emblem: The Blazing Blade Limstella
50%
Fire Emblem: Three Houses Linhardt
50%
Fire Emblem: The Blazing Blade Linus
50%
Fire Emblem Fates | Fire Emblem: The Blazing Blade Lloyd
50%
Fire Emblem Engage Louis
50%
Fire Emblem: The Blazing Blade Louise
50%
Fire Emblem: Path of Radiance Lucia
50%
Fire Emblem: The Blazing Blade Lucius
50%
Fire Emblem: Radiant Dawn Ludveck
50%
Fire Emblem: The Binding Blade Lugh
50%
Fire Emblem Engage Lumera
50%
Fire Emblem: The Sacred Stones Lute
50%
Fire Emblem Gaiden Luthier
50%
Fire Emblem: The Blazing Blade Lyn
50%
Fire Emblem: The Sacred Stones Lyon
50%
Fire Emblem: Radiant Dawn Lyre
50%
Fire Emblem: Path of Radiance Makalov
50%
Tokyo Mirage Sessions # FE Encore Mamori Minamoto
50%
Fire Emblem: Path of Radiance Marcia
50%
Fire Emblem: Thracia 776 Mareeta
50%
Fire Emblem: The Sacred Stones Marisa
50%
Fire Emblem: Mystery of the Emblem Marisha
50%
Fire Emblem: The Blazing Blade Mark
50%
Fire Emblem Gaiden Marla
50%
Fire Emblem: The Blazing Blade Matthew
50%
Fire Emblem: The Binding Blade Melady
50%
Fire Emblem Engage Merrin
50%
Fire Emblem: Radiant Dawn Micaiah
50%
Fire Emblem Fates Mikoto
50%
Fire Emblem: Thracia 776 Miranda
50%
Fire Emblem: Path of Radiance Mist
50%
Fire Emblem: Path of Radiance Muarim
50%
Fire Emblem: The Binding Blade Murdock
50%
Fire Emblem Awakening Mustafa
50%
Fire Emblem Gaiden Mycen
50%
Fire Emblem: Shadow Dragon and the Blade of Light Naga
50%
Fire Emblem: Shadow Dragon Nagi
50%
Fire Emblem: Genealogy of the Holy War Nanna
50%
Fire Emblem: The Binding Blade Narcian
50%
Fire Emblem: The Sacred Stones Natasha
50%
Fire Emblem: The Sacred Stones Neimi
50%
Fire Emblem Engage Nel
50%
Fire Emblem: The Blazing Blade Nergal
50%
Fire Emblem: The Binding Blade Niime
50%
Fire Emblem Fates Niles
50%
Fire Emblem: The Blazing Blade Nils
50%
Fire Emblem: The Binding Blade Noah
50%
Fire Emblem Gaiden Nomah
50%
Fire Emblem: Shadow Dragon Norne
50%
Fire Emblem Gaiden Nuibaba
50%
Fire Emblem Fates Nyx
50%
Fire Emblem: The Binding Blade Ogier
50%
Fire Emblem: Genealogy of the Holy War Oifey
50%
Fire Emblem: Path of Radiance Oliver
50%
Fire Emblem: Thracia 776 Olwen
50%
Fire Emblem: Thracia 776 Osian
50%
Fire Emblem: The Blazing Blade Oswin
50%
Fire Emblem: Genealogy of the Holy War Patty
50%
Fire Emblem: Radiant Dawn Pelleas
50%
Fire Emblem: The Blazing Blade Pent
50%
Fire Emblem Fates Peri
50%
Fire Emblem: Thracia 776 Perne
50%
Fire Emblem: Three Houses Petra
50%
Fire Emblem: Genealogy of the Holy War Quan
50%
Fire Emblem: Shadow Dragon and the Blade of Light Radd
50%
Fire Emblem: The Binding Blade Raigh
50%
Fire Emblem: Path of Radiance Ranulf
50%
Fire Emblem: The Blazing Blade Raven
50%
Fire Emblem: The Blazing Blade Rebecca
50%
Fire Emblem Fates Reina
50%
Fire Emblem: Thracia 776 Reinhardt
50%
Fire Emblem: Three Houses Rhea
50%
Fire Emblem: Path of Radiance Rhys
50%
Fire Emblem: Shadow Dragon and the Blade of Light Rickard
50%
Fire Emblem Awakening Ricken
50%
Fire Emblem: The Sacred Stones Riev
50%
Fire Emblem Fates Rinkah
50%
Fire Emblem Awakening Robin
50%
Fire Emblem: Shadow Dragon and the Blade of Light Roger
50%
Fire Emblem: Path of Radiance Rolf
50%
Fire Emblem: Thracia 776 Ronan
50%
Fire Emblem: The Sacred Stones Ross
50%
Fire Emblem Gaiden Rudolf
50%
Fire Emblem: The Binding Blade Rutger
50%
Fire Emblem Gaiden Saber
50%
Fire Emblem: Thracia 776 Saias
50%
Fire Emblem: The Blazing Blade Sain
50%
Fire Emblem Fates Saizo
50%
Fire Emblem: The Sacred Stones Saleh
50%
Fire Emblem: Thracia 776 Salem
50%
Fire Emblem: Path of Radiance Sanaki
50%
Fire Emblem: The Binding Blade Saul
50%
Fire Emblem Engage Seadall
50%
Fire Emblem: Genealogy of the Holy War Seliph
50%
Fire Emblem: The Blazing Blade Serra
50%
Fire Emblem: Three Houses Seteth
50%
Fire Emblem: The Binding Blade Shanna
50%
Fire Emblem: Thracia 776 Shannam
50%
Fire Emblem: Genealogy of the Holy War Shannan
50%
Fire Emblem: Mystery of the Emblem Sheena
50%
Fire Emblem Warriors: Three Hopes Shez
50%
Fire Emblem Fates Shigure
50%
Fire Emblem: Path of Radiance Shinon
50%
Fire Emblem Fates Siegbert
50%
Fire Emblem: Path of Radiance Sigrun
50%
Fire Emblem: Genealogy of the Holy War Sigurd
50%
Fire Emblem Gaiden Silque
50%
Fire Emblem: The Binding Blade Sin
50%
Fire Emblem: The Blazing Blade Sonia
50%
Fire Emblem Gaiden Sonya
50%
Fire Emblem: The Binding Blade Sophia
50%
Fire Emblem Fates Sophie
50%
Fire Emblem: Path of Radiance Soren
50%
Fire Emblem: Path of Radiance Sothe
50%
Fire Emblem: The Binding Blade Sue
50%
Fire Emblem: Three Houses Sylvain
50%
Fire Emblem: The Sacred Stones Syrene
50%
Fire Emblem: Genealogy of the Holy War Tailtiu
50%
Fire Emblem Fates Takumi
50%
Fire Emblem: The Sacred Stones Tana
50%
Fire Emblem: Thracia 776 Tanya
50%
Fire Emblem: The Sacred Stones Tethys
50%
Fire Emblem: The Binding Blade Thea
50%
Fire Emblem Heroes Thrasir
50%
Fire Emblem: Path of Radiance Titania
50%
Fire Emblem: Shadow Dragon and the Blade of Light Tomas
50%
Fire Emblem: Path of Radiance Tormod
50%
Tokyo Mirage Sessions # FE Encore Tsubasa Oribe
50%
Fire Emblem: Path of Radiance Ulki
50%
Fire Emblem: Genealogy of the Holy War Ullr
50%
Fire Emblem: The Blazing Blade Ursula
50%
Fire Emblem: The Blazing Blade Uther
50%
Fire Emblem: The Blazing Blade Vaida
50%
Fire Emblem Awakening Vaike
50%
Fire Emblem: The Sacred Stones Valter
50%
Fire Emblem Fates Velouria
50%
Fire Emblem Engage Veyle
50%
Fire Emblem: The Sacred Stones Vigarde
50%
Fire Emblem: Radiant Dawn Vika
50%
Fire Emblem: The Binding Blade Wolt
50%
Fire Emblem: The Binding Blade Zeiss
50%
Fire Emblem: Path of Radiance Zelgius
50%
Fire Emblem: The Binding Blade Zelot
50%
Fire Emblem: The Binding Blade Zephiel
50%
Fire Emblem: Three Houses Aelfric
33%
Fire Emblem Fates Anankos
33%
Fire Emblem: Radiant Dawn Aran
33%
Fire Emblem: Genealogy of the Holy War Arden
33%
Fire Emblem: Genealogy of the Holy War Ares
33%
Fire Emblem Fates Arete
33%
Fire Emblem: Path of Radiance Astrid
33%
Fire Emblem Fates Asugi
33%
Fire Emblem: Thracia 776 August
33%
Fire Emblem: Three Houses Balthus
33%
Fire Emblem: Archanea Saga Belf
33%
Fire Emblem Fates Beruka
33%
Fire Emblem Engage Boucheron
33%
Fire Emblem Echoes: Shadows of Valentia Brigand Boss
33%
Fire Emblem Engage Bunet
33%
Fire Emblem Fates Caeldori
33%
Fire Emblem Fates Candace
33%
Fire Emblem: Three Houses Catherine
33%
Fire Emblem: Genealogy of the Holy War Ced
33%
Fire Emblem Fates Charlotte
33%
Fire Emblem Engage Chloé
33%
Fire Emblem Engage Citrinne
33%
Fire Emblem Engage Clanne
33%
Fire Emblem: Three Houses Constance
33%
Fire Emblem: Three Houses Cyril
33%
Fire Emblem: Thracia 776 Dagdar
33%
Fire Emblem: Genealogy of the Holy War Daisy
33%
Fire Emblem: The Blazing Blade Dart
33%
Fire Emblem: Three Houses Dedue
33%
Fire Emblem Gaiden | Fire Emblem: Thracia 776 Deen
33%
Fire Emblem: Path of Radiance Devdan
33%
Fire Emblem: Genealogy of the Holy War Dew
33%
Fire Emblem: The Blazing Blade Dorcas
33%
Fire Emblem: Three Houses Dorothea
33%
Fire Emblem Gaiden Duma
33%
Fire Emblem: The Binding Blade Echidna
33%
Fire Emblem: Thracia 776 Eda
33%
Fire Emblem: Genealogy of the Holy War Edain
33%
Fire Emblem: Radiant Dawn Edward
33%
Fire Emblem Fates Effie
33%
Fire Emblem: The Binding Blade Elffin
33%
Fire Emblem: Path of Radiance Elincia
33%
Fire Emblem 0 (Cipher) Emma
33%
Fire Emblem: Genealogy of the Holy War Ethlyn
33%
Fire Emblem Engage Etie
33%
Fire Emblem: Genealogy of the Holy War Eve
33%
Fire Emblem Awakening Excellus
33%
Fire Emblem: The Blazing Blade Farina
33%
Fire Emblem Engage Fogado
33%
Fire Emblem Engage Framme
33%
Fire Emblem: The Sacred Stones Franz
33%
Fire Emblem Heroes Freyr
33%
Fire Emblem: Three Houses Gatekeeper
33%
Fire Emblem: The Binding Blade Geese
33%
Fire Emblem: The Blazing Blade Geitz
33%
Fire Emblem: Path of Radiance Geoffrey
33%
Fire Emblem Engage Goldmary
33%
Fire Emblem Engage Gregory
33%
Fire Emblem Engage Griss
33%
Fire Emblem Fates Gunter
33%
Fire Emblem: The Blazing Blade Guy
33%
Fire Emblem: Three Houses Hanneman
33%
Fire Emblem: Genealogy of the Holy War Hannibal
33%
Fire Emblem Fates Hans
33%
Fire Emblem: Three Houses Hapi
33%
Fire Emblem: Shadow Dragon Horace
33%
Fire Emblem Engage Hortensia
33%
Fire Emblem: The Binding Blade Igrene
33%
Fire Emblem: Genealogy of the Holy War Ishtar
33%
Fire Emblem: The Sacred Stones Ismaire
33%
Fire Emblem Engage Ivy
33%
Fire Emblem Fates Izana
33%
Fire Emblem Fates Jakob
33%
Fire Emblem: Path of Radiance Janaff
33%
Fire Emblem: Radiant Dawn Jarod
33%
Fire Emblem: Three Houses Jeralt
33%
Fire Emblem Fates Kaden
33%
Fire Emblem Engage Kagetsu
33%
Fire Emblem: Thracia 776 Karin
33%
Fire Emblem Fates Kiragi
33%
Fire Emblem Heroes Kiran
33%
Fire Emblem: Genealogy of the Holy War Lana
33%
Fire Emblem Engage Lapis
33%
Fire Emblem: Genealogy of the Holy War Larcei
33%
Fire Emblem: Radiant Dawn Laura
33%
Fire Emblem: Three Houses Leonie
33%
Fire Emblem: Genealogy of the Holy War Lewyn
33%
Fire Emblem: Genealogy of the Holy War Lex
33%
Fire Emblem Warriors Lianna
33%
Fire Emblem Awakening Libra
33%
Fire Emblem Engage Lindon
33%
Fire Emblem: The Blazing Blade Lowen
33%
Fire Emblem: Three Houses Lysithea
33%
Fire Emblem: Shadow Dragon and the Blade of Light Macellan
33%
Fire Emblem Engage Madeline
33%
Fire Emblem Gaiden Mae
33%
Fire Emblem: Three Houses Manuela
33%
Fire Emblem: The Binding Blade Marcus
33%
Fire Emblem: Three Houses Marianne
33%
Fire Emblem Engage Marni
33%
Fire Emblem Engage Mauvier
33%
Fire Emblem: Shadow Dragon and the Blade of Light Medeus
33%
Fire Emblem: Radiant Dawn Meg
33%
Fire Emblem: Three Houses Mercedes
33%
Fire Emblem: The Binding Blade Merlinus
33%
Fire Emblem: Genealogy of the Holy War Midir
33%
Fire Emblem Gaiden Mila
33%
Fire Emblem Fates Mitama
33%
Fire Emblem: Three Houses Monica
33%
Fire Emblem: Path of Radiance Mordecai
33%
Fire Emblem: The Sacred Stones Myrrh
33%
Fire Emblem: Path of Radiance Nasir
33%
Fire Emblem: Radiant Dawn Nolan
33%
Fire Emblem: Shadow Dragon and the Blade of Light Nyna
33%
Fire Emblem Fates Orochi
33%
Fire Emblem: The Sacred Stones Orson
33%
Fire Emblem Engage Pandreo
33%
Fire Emblem Engage Panette
33%
Fire Emblem: The Binding Blade Perceval
33%
Fire Emblem Fates Percy
33%
Fire Emblem: Path of Radiance Petrine
33%
Fire Emblem: Three Houses Raphael
33%
Fire Emblem: The Sacred Stones Rennac
33%
Fire Emblem Fates Rhajat
33%
Fire Emblem: Three Houses Rodrigue
33%
Fire Emblem Engage Rosado
33%
Fire Emblem Warriors Rowan
33%
Fire Emblem: Thracia 776 Safy
33%
Fire Emblem Engage Saphir
33%
Fire Emblem: Thracia 776 Sara
33%
Fire Emblem Fates Scarlet
33%
Fire Emblem: Genealogy of the Holy War Scáthach
33%
Fire Emblem Fates Selkie
33%
Fire Emblem Fates Setsuna
33%
Fire Emblem: Three Houses Shamir
33%
Fire Emblem Fates Shiro
33%
Fire Emblem Fates Silas
33%
Fire Emblem: Genealogy of the Holy War Silvia
33%
Fire Emblem: Radiant Dawn Skrimir
33%
Fire Emblem: Three Houses Sothis
33%
Fire Emblem: Path of Radiance Stefan
33%
Fire Emblem Fates Subaki
33%
Fire Emblem: Path of Radiance Tauroneo
33%
Fire Emblem Heroes Þjazi
33%
Fire Emblem Engage Timerra
33%
Fire Emblem: Thracia 776 Tina
33%
Fire Emblem: Genealogy of the Holy War Tine
33%
Fire Emblem: Genealogy of the Holy War Travant
33%
Fire Emblem Awakening Validar
33%
Fire Emblem Engage Vander
33%
Fire Emblem: The Sacred Stones Vanessa
33%
Fire Emblem: Path of Radiance Volke
33%
Fire Emblem: The Blazing Blade Wallace
33%
Fire Emblem: The Binding Blade Ward
33%
Fire Emblem Fates Yukimura
33%
Fire Emblem Engage Yunaka
33%
Fire Emblem: Three Houses Yuri
33%
Fire Emblem Engage Zelestia
33%
Fire Emblem Engage Zelkov
33%
Fire Emblem Engage Zephia
33%
Fire Emblem: Genealogy of the Holy War Alec
17%
Fire Emblem: The Binding Blade Alen
17%
Fire Emblem: Three Houses Alois
17%
Fire Emblem: Genealogy of the Holy War | Fire Emblem: Thracia 776 Alva
17%
Fire Emblem: Genealogy of the Holy War Amid
17%
Fire Emblem: The Binding Blade Astolfo
17%
Tokyo Mirage Sessions # FE Encore Barry Goodman
17%
Fire Emblem: The Binding Blade Barthe
17%
Fire Emblem: Genealogy of the Holy War Beowolf
17%
Fire Emblem: Path of Radiance Brom
17%
Fire Emblem: Path of Radiance Bryce
17%
Fire Emblem: Path of Radiance Calill
17%
Fire Emblem: Genealogy of the Holy War Coirpre
17%
Fire Emblem Warriors Darios
17%
Fire Emblem: The Binding Blade Dayan
17%
Fire Emblem: Genealogy of the Holy War Diarmuid
17%
Fire Emblem: Shadow Dragon and the Blade of Light Dolph
17%
Fire Emblem Awakening Donnel
17%
Fire Emblem: The Binding Blade Douglas
17%
Fire Emblem: Shadow Dragon Etzel
17%
Fire Emblem: Genealogy of the Holy War Eva
17%
Fire Emblem: The Sacred Stones Fado
17%
Fire Emblem Heroes Feh
17%
Fire Emblem: Radiant Dawn Fiona
17%
Fire Emblem: Archanea Saga Frost
17%
Fire Emblem Fates Fuga
17%
Fire Emblem Fates Garon
17%
Fire Emblem: The Binding Blade Garret
17%
Fire Emblem: Path of Radiance Giffca
17%
Fire Emblem: Three Houses Gilbert
17%
Fire Emblem: Path of Radiance Gromell
17%
Fire Emblem Fates Haitaka
17%
Fire Emblem: The Sacred Stones Hayden
17%
Fire Emblem Fates Hisame
17%
Fire Emblem: Three Houses Holst
17%
Fire Emblem: Thracia 776 Homer
17%
Fire Emblem Fates Ignatius
17%
Fire Emblem: Genealogy of the Holy War Iuchar
17%
Fire Emblem: Genealogy of the Holy War Iucharba
17%
Fire Emblem Gaiden Jedah
17%
Fire Emblem: Three Houses Jeritza
17%
Fire Emblem: Path of Radiance Kieran
17%
Fire Emblem: The Binding Blade Lance
17%
Fire Emblem: Path of Radiance Largo
17%
Fire Emblem: Genealogy of the Holy War Laylea
17%
Fire Emblem: Thracia 776 Linoan
17%
Fire Emblem: The Binding Blade Lot
17%
Fire Emblem: Thracia 776 Machyua
17%
Fire Emblem: Thracia 776 Marty
17%
Fire Emblem Fates Midori
17%
Fire Emblem: The Sacred Stones Moulder
17%
Fire Emblem Fates Mozu
17%
Fire Emblem: Genealogy of the Holy War Naoise
17%
Fire Emblem: Path of Radiance Nealuchi
17%
Fire Emblem: Three Houses Nemesis
17%
Fire Emblem Fates Ophelia
17%
Fire Emblem: Genealogy of the Holy War Pamela
17%
Fire Emblem 0 (Cipher) Randal
17%
Fire Emblem: The Blazing Blade Renault
17%
Fire Emblem: Shadow Dragon and the Blade of Light Samson
17%
Fire Emblem 0 (Cipher) Shade
17%
Fire Emblem: Path of Radiance Shiharam
17%
Fire Emblem Fates Shura
17%
Fire Emblem Fates Soleil
17%
Fire Emblem: The Binding Blade Trec
17%
Fire Emblem: Thracia 776 Veld
17%
Fire Emblem: Radiant Dawn Volug
17%
Fire Emblem: Thracia 776 Xavier
17%
Fire Emblem 0 (Cipher) Yuzu
17%
Fire Emblem: Genealogy of the Holy War Aida
0%
Fire Emblem 0 (Cipher) Alice
0%
Fire Emblem: Radiant Dawn Almedha
0%
Fire Emblem: Thracia 776 Amalda
0%
Fire Emblem: Genealogy of the Holy War Andrey
0%
Fire Emblem: Genealogy of the Holy War Asaello
0%
Fire Emblem: Radiant Dawn Ashunera
0%
Fire Emblem: Genealogy of the Holy War Bloom
0%
Fire Emblem: Genealogy of the Holy War Brian
0%
Fire Emblem: Thracia 776 Brighton
0%
Fire Emblem: Genealogy of the Holy War Byron
0%
Fire Emblem: Thracia 776 Carrion
0%
Fire Emblem: Genealogy of the Holy War Chagall
0%
Fire Emblem: Genealogy of the Holy War Cimbaeth
0%
Fire Emblem: Thracia 776 Conomor
0%
Fire Emblem: Three Houses Cornelia
0%
Fire Emblem: Genealogy of the Holy War Creidne
0%
Fire Emblem Fates Daichi
0%
Fire Emblem: Thracia 776 Dalsin
0%
Fire Emblem: Genealogy of the Holy War Dalvin
0%
Fire Emblem: Genealogy of the Holy War Danann
0%
Fire Emblem Fates Daniela
0%
Fire Emblem: Genealogy of the Holy War Deimne
0%
Fire Emblem: Path of Radiance Elena
0%
Fire Emblem: Genealogy of the Holy War Eliu
0%
Fire Emblem: The Blazing Blade Ephidel
0%
Fire Emblem: Thracia 776 Fergus
0%
Fire Emblem: Genealogy of the Holy War Fetra
0%
Fire Emblem Fates Funke
0%
Fire Emblem: The Champion's Sword Gant
0%
Fire Emblem: Path of Radiance Gareth
0%
Fire Emblem Fates Gazak
0%
Fire Emblem: Thracia 776 Glade
0%
Fire Emblem: Thracia 776 Halvan
0%
Fire Emblem: Genealogy of the Holy War Hermina
0%
Fire Emblem: Thracia 776 Hicks
0%
Fire Emblem: Thracia 776 Ilios
0%
Fire Emblem: Genealogy of the Holy War Ishtore
0%
Fire Emblem: Path of Radiance Izuka
0%
Fire Emblem: Genealogy of the Holy War Jeanne
0%
Fire Emblem: The Champion's Sword Jemmie
0%
Fire Emblem: Shadow Dragon and the Blade of Light Jiol
0%
Fire Emblem: The Champion's Sword Kilmar
0%
Fire Emblem Fates Kumagera
0%
Fire Emblem: Genealogy of the Holy War Kutuzov
0%
Fire Emblem: Genealogy of the Holy War Lester
0%
Fire Emblem: Genealogy of the Holy War Linda
0%
Fire Emblem Fates Llewelyn
0%
Fire Emblem: Genealogy of the Holy War Lombard
0%
Tokyo Mirage Sessions # FE Encore Maiko Shimazaki
0%
Fire Emblem: Genealogy of the Holy War Manfroy
0%
Fire Emblem: Three Houses Metodey
0%
Fire Emblem: Thracia 776 Misha
0%
Fire Emblem: Genealogy of the Holy War Muirne
0%
Fire Emblem: Genealogy of the Holy War Munnir
0%
Fire Emblem 0 (Cipher) Niamh
0%
Fire Emblem Fates Nichol
0%
Fire Emblem 0 (Cipher) Poe
0%
Fire Emblem: Path of Radiance Rajaion
0%
Fire Emblem: Thracia 776 Ralf
0%
Fire Emblem: Thracia 776 Raydrik
0%
Fire Emblem: Archanea Saga Reiden
0%
Fire Emblem: Genealogy of the Holy War Reptor
0%
Fire Emblem: Thracia 776 Robert
0%
Fire Emblem: Archanea Saga Roberto
0%
Fire Emblem: Mystery of the Emblem Ryan
0%
Fire Emblem: Mystery of the Emblem Samuel
0%
Fire Emblem: Genealogy of the Holy War Sandima
0%
Fire Emblem: Genealogy of the Holy War Scipio
0%
Fire Emblem: Thracia 776 Selphina
0%
Fire Emblem Fates Senno
0%
Fire Emblem: Thracia 776 Shiva
0%
Fire Emblem: Thracia 776 Sleuf
0%
Fire Emblem: Radiant Dawn Soan
0%
Fire Emblem Fates Tarba
0%
Fire Emblem: The Champion's Sword Tiena
0%
Fire Emblem: Genealogy of the Holy War Tristan
0%
Fire Emblem: Thracia 776 Troude
0%
Fire Emblem 0 (Cipher) Valjean
0%
Fire Emblem: Genealogy of the Holy War Vampa
0%
Fire Emblem: Mystery of the Emblem Warren
0%
Tokyo Mirage Sessions # FE Encore Yashiro Tsurugi
0%
Fire Emblem: The Binding Blade Yoder
0%
Fire Emblem: The Champion's Sword Zeed
0%
Fire Emblem Fates Zhara
0%
Fire Emblem Fates Zola
0%
No matching quizzes found
Score Distribution
Percent of People with Each Score
Percentile by Number Answered
Your Score History
You have not taken this quiz since the last reset